| 000 | 00852naa a22002417a 4500 | ||
|---|---|---|---|
| 001 | vtls000017207 | ||
| 003 | ES-BaIT | ||
| 005 | 20260416105609.0 | ||
| 007 | t| | ||
| 008 | 111114s1948 spc|||||| |00| |spa|d | ||
| 010 | _a17207 | ||
| 035 |
_a0017-20760 _9ES-BaIT035 |
||
| 039 | 9 |
_a201403072224 _bVLOAD _c201303091920 _dVLOAD _c201111141503 _dVLOAD _y201110052249 _zVLOAD |
|
| 100 | 1 |
_aOller, Narcís, _d1846-1930 _936839 |
|
| 245 | 1 | 3 |
_aEl Rosset / _cNarcís Oller |
| 500 | _aMonòleg | ||
| 500 | _aP1: D1 | ||
| 773 | 0 |
_aObres completes / Narcís Oller ; [precedides de L'Obra de Narcís Oller, per Manuel de Montoliu i seguides de El Món de Narcís Oller, per Maurici Serrahima] _dBarcelona : Selecta, 1948 _gp.[1401]-1403 _wvtls000004012 _03302 |
|
| 790 | _w0004-01260 | ||
| 790 | _a000401260 | ||
| 917 | _aFALTA MATÈRIA. Cat. rev | ||
| 999 |
_c14528 _d14528 |
||
| 942 | _cART | ||